Missing Word: Films About Films Quiz Stats

Quiz Updated Dec 1, 2017

Challenge
Share
Tweet
Embed
Score 0/20 Timer 04:00
0 Plays Today
Movie Answer % Correct
Singin' in the ____Rain
98.1%
A ____ is BornStar
97%
The ____ Witch ProjectBlair
95.2%
____ BoulevardSunset
85.7%
Whatever Happend to Baby ____?Jane
83.8%
____ with SharksSwimming
79.9%
The Purple Rose of ____Cairo
77.9%
Be ____ RewindKind
76.8%
____ ThunderTropic
72.2%
Tristram Shandy: A Cock and ____ StoryBull
71.4%
Movie Answer % Correct
Barton ____Fink
71%
____ WoodEd
70.7%
My ____ with MarilynWeek
65.2%
____ NightsBoogie
61.4%
____ ParadisoCinema
49.4%
Gods and ____Monsters
42.8%
____ Dr.Mulholland
25.2%
____ MemoriesStardust
22.1%
The ____ and the BeautifulBad
14.5%
____ in OblivionLiving
11.8%

Today's Daily Dose

You're not logged in!

Compare scores with friends on all Sporcle quizzes.
Sign Up with Email
OR
Log In

You Might Also Like...

Show Comments

Extras

Top Quizzes Today


Score Distribution

Your Account Isn't Verified!

In order to create a playlist on Sporcle, you need to verify the email address you used during registration. Go to your Sporcle Settings to finish the process.